000 01260naa a2200313 c 4500
001 39057
003 ES-MaCES
005 20150724120106.0
008 090702n2009 sp t 000 | spa d
035 _aCES20090005005v
040 _aES-MaCES
_bspa
_cES-MaCES
100 1 _aCavas Martínez, Faustino
_99355
245 1 0 _aMedidas urgentes para el fomento y el mantenimiento del empleo y para la protección de las personas desempleadas (Real Decreto-ley 2/2009, de 6 de marzo)
_cFaustino Cavas Martínez, Francisco J. Fernández Orrico
610 1 4 _aEspaña
_tLey de medidas en materia de Seguridad Social
_d2007
_92980
650 4 _aEspaña
_926964
650 4 _areforma de la seguridad social
_930668
650 4 _aprocedimiento laboral
_930887
650 4 _aplan de acción
_930406
650 4 _afomento del empleo
_930270
650 4 _alegislación del trabajo
_927166
650 4 _aempleo
_928299
653 1 0 _aJurisprudencia
650 4 _928300
_apolítica de empleo
700 1 _aFernández Orrico, Francisco Javier
_911935
773 0 _tAranzadi social
_gn. 2 (mayo 2009){10650 R. 074350}; p. 11-41
_w(ES-MaCES)25655
_967497
902 _aART Artículo de revista
942 _2CES
_cAR
_h6.2.
999 _c39057
_d39057